Statistics for Advanced Placement Exams

Click here to take the quiz!

General Stats

  • This quiz has been taken 27 times
  • The average score is 25 of 35

Answer Stats

Exam% Correct
Biology
100%
World History
96%
Calculus (AB & BC)
96%
Chemistry
96%
U.S. History
96%
English Language & Composition
96%
English Literature & Composition
96%
French Language and Culture
96%
German Language and Culture
96%
Chinese Language and Culture
91%
Japanese Language and Culture
78%
European History
78%
Statistics
74%
Psychology
74%
Art History
74%
Human Geography
74%
Physics 1: Algebra-based
70%
Spanish Language and Culture
70%
Italian Language and Culture
65%
Environmental Science
65%
Macroeconomics
65%
Microeconomics
65%
Physics 2: Algebra-based
65%
U.S. Government & Politics
57%
Spanish Literature and Culture
57%
Seminar (First part of AP Capstone program)
52%
Computer Science Principles
52%
Music Theory
52%
Research (Second part of AP Capstone program)
48%
Physics C: Electricity and Magnetism
48%
Latin
48%
Physics C: Mechanics
43%
Computer Science A
43%
Studio Art (2-D, 3-D, & Drawing)
43%
Comparative Government & Politics
43%

Score Distribution

Percentile by Number Answered

Percent of People with Each Score

Your Score History

You have not taken this quiz